000
00320nam a22001337a 4500
008
181121b xxu||||| |||| 00| 0 eng d
020
_a
2740357233659
041
_a
eng
080
_a
070
100
_a
25
101
_a
MED
245
_a
Interpersonal Community In Practice And Context
_c
Gambile.K
942
_2
udc
_c
BK
999
_c
52280
_d
52280